000 00550nam a2200241Ia 4500
005 20260306145633.0
008 008 260114s9999 xx 000 0 eng d
020 _a9783110456943
037 _aEbook
040 _aCRL
040 _beng
040 _cCRL
041 _2eng
041 _aeng
084 _qCRL
245 0 _aDie alltägliche Romantik
260 _bDe Gruyter
260 _c2016
650 _aLiterary Studies
856 _uhttps://www.degruyter.com/isbn/9783110456943
942 _cEBOOK
999 _c1689756
_d1689756